00405nam a2200157Ia 4500100002100000650002700021490000600048942000700054654001600061245002200077260002600099300000800125546001200133999001700145952008500162 aKavandikar/R.G.  aElectrical Engineering v1 cBK aelectricity aBasic electricity bNandu PubaPunec1998 a216 aENGLISH c35675d35675 001040708CRCaCRCEbCRCEd2023-03-17l0o p10677r2023-03-17w2023-03-17yBK